Development Issues (Mayo 2021, Vol. 23, No.1) /
Guardado en:
| Institution som forfatter: | |
|---|---|
| Format: | Ukendt |
| Udgivet: |
Netherlands :
International Institute of Social Studies
|
| Fag: | |
| Online adgang: | https://www.iss.nl/en/library/iss-publications/devissues |
| Tags: |
Tilføj Tag
Ingen Tags, Vær først til at tagge denne postø!
|
MARC
| LEADER | 00000 a2200000 04500 | ||
|---|---|---|---|
| 001 | 46221 | ||
| 003 | cru CIDCACS/IIS | ||
| 005 | 20230220125850.0 | ||
| 008 | 050621s ne eng d | ||
| 022 | |a 15664821 | ||
| 040 | |c CRAI/IIS |a CRAI/IIS | ||
| 090 | |a REV1619 23 (1) 2021 | ||
| 110 | |a International Institute of Social Studies | ||
| 210 | |a DevISSues | ||
| 245 | |a Development Issues (Mayo 2021, Vol. 23, No.1) / |c International Institute of Social Studies | ||
| 260 | |a Netherlands : |b International Institute of Social Studies | ||
| 505 | |a CONTENTS Covid-19 and social discontent in the Netherlands Kees Biekart (páginas 4-6) Social rage and politics in Brazil Gavin Adams y Caio Leonardo B. (páginas 8-10) Social rage in Myanmar Doi Ra (páginas 12-13) ISS News. Alumni awards EUR events PhD projects research staff students (páginas 14-16) Knowledge for change: getting our research InSights out Adinda Ceelen (páginas 17-19) Experiences of Eritrean and Ethiopian migrants during the Covid-19 crisis (páginas 20-21) | ||
| 650 | |a CIENCIAS SOCIALES | ||
| 650 | |a CAMBIO SOCIAL | ||
| 650 | |a DESARROLLO | ||
| 650 | |a POLITICA GUBERNAMENTAL | ||
| 650 | |a POLITICA | ||
| 856 | |u https://www.iss.nl/en/library/iss-publications/devissues | ||
| 942 | |2 ddc |c PP | ||
| 999 | |c 44763 |d 44763 | ||
| 773 | 0 | |0 18173 |9 8246 |a International Institute of Social Studies |d Netherlands : International Institute of Social Studies |o 21930 |t Development Issues / |w (cru CIDCACS/IIS)46221 |x 15664821 | |
